| 000 | 00410cam a2200169ua 4500 | ||
|---|---|---|---|
| 020 | _cRs 4.00 | ||
| 041 |
_ahin _h |
||
| 082 |
_a891.43 _bSUR/SH |
||
| 100 | _aSuraj, M . | ||
| 245 |
_aShikosh mam nayaon prajoya / _cM Suraj. _hTextual Documents |
||
| 260 |
_aDelhi : _bRajpal Yataki Sanjay , _c1963. |
||
| 300 | _a230 ; . | ||
| 365 | _aRs 4.00 | ||
| 504 | _a | ||
| 942 | _cBK | ||
| 999 |
_c2562 _d2562 |
||